000 nam a22 a 4500
999 _c148550
_d148550
003 BLK
005 20230202113657.0
008 180410b bul|||||r ||||||| ||bul||
010 _aKNG00154773000
040 _aBLK
041 _aBUL
_cBUL
080 _aРуска литература
_b821.161.1
_x-93-32
_z821.161.1-93-32
100 1 _aТокмакова, Ирина Петровна
_eпърви автор
_9327724
139 _aТокмакова, Ирина Петровна
_bТ 65
245 1 0 _aРостик и Кеша
_bПовест : За предучилищна възраст
_cИрина Петровна Токмакова; прев. от рус. Елка Петрова Хаджиева; худож. Ани Филипова Ралчева.
257 _aSUN
260 _aСофия
_bНар. младеж
_c1976
300 _a64 с.
_bс ил.
_c24 см
380 _aDX
500 _aОриг. загл. Ростик и Кеша. - 100 137 тир.
700 1 _aХаджиева, Елка Петрова
_eпрев. от рус.
_9377718
700 1 _aРалчева, Ани Филипова
_eхудож.
_9326969
852 _aЦб 265818
856 4 _qpdf
_i0.00
_ldisable
856 4 _qpdf
_i0.00
_ldisable
942 _cKNG
_n0
_s1
944 _aCR
_c16.12.2013
_l16.12.2013 - от С1,Р / 16.12.2013
_kДаниел_Канатов
944 _aED
_c21.09.2017
_l16.12.2013 - от С1,Р / 16.12.2013
_kКети_Илиева
999 _d148550